[Event "Suwalki Warakomska Memorial 5th"]
[Site "Suwalki"]
[Date "2021.08.03"]
[Round "9"]
[White "Szpar, Milosz"]
[Black "Szadkowski, Kamil"]
[Result "1-0"]
[WhiteElo "2392"]
[BlackElo "2282"]
[PlyCount "145"]
[EventDate "2021.07.27"]
[EventType "swiss"]
[EventRounds "9"]
[EventCountry "POL"]
[SourceTitle "EXT 2022"]
[Source "ChessBase"]
[SourceDate "2021.10.06"]
[SourceVersion "1"]
[SourceVersionDate "2021.10.06"]
[SourceQuality "1"]

1. e4 c5 2. Nf3 d6 3. c3 Nf6 4. h3 Nc6 5. Bd3 d5 6. exd5 Qxd5 7. Qe2 e6 8. 0-0 Be7 9. Bc4 Qd6 10. Rd1 0-0 11. d4 cxd4 12. Nxd4 Nxd4 13. Rxd4 Qb6 14. Nd2 Rd8 15. Nb3 Rxd4 16. Nxd4 Bd7 17. Bf4 Rc8 18. Rd1 Qc5 19. Bb3 b5 20. Be5 a5 21. Nf5 a4 22. Nxe7+ Qxe7 23. Bxf6 gxf6 24. Bc2 Bc6 25. Qg4+ Kf8 26. Bxh7 Ke8 27. Be4 Bxe4 28. Qxe4 a3 29. bxa3 Qxa3 30. Qb7 Qxc3 31. Qxb5+ Kf8 32. a4 Rc5 33. Qb8+ Kg7 34. Rb1 Rg5 35. Qf4 Qc6 36. g3 Rf5 37. Qg4+ Rg5 38. Qh4 Re5 39. Qg4+ Rg5 40. Qb4 Rf5 41. h4 Qc2 42. Rb2 Qd1+ 43. Kh2 Re5 44. Rd2 Qf1 45. Qg4+ Kh7 46. Qf3 Rf5 47. Qe2 Qb1 48. Ra2 Qb6 49. Qd2 Ra5 50. Rb2 Qa7 51. Rb7 Qxb7 52. Qxa5 Qb2 53. Qa7 Kg7 54. a5 e5 55. a6 e4 56. Qe3 Qa2 57. a7 Qa4 58. Kg2 Qa2 59. Qd4 Qa6 60. Qe3 Qc6 61. Kh2 Qa4 62. Qb6 Qa2 63. Kg1 Qa1+ 64. Kg2 Qa2 65. g4 Qa3 66. Qe3 Qa2 67. Qd4 Qa3 68. g5 Qf3+ 69. Kf1 Qh1+ 70. Ke2 Qf3+ 71. Ke1 Kh7 72. Qxf6 Qc3+ 73. Qxc3 1-0

[Event "Suwalki Warakomska Memorial 5th"]
[Site "Suwalki"]
[Date "2021.07.29"]
[Round "3"]
[White "Licznerski, Lukasz"]
[Black "Szadkowski, Kamil"]
[Result "1/2-1/2"]
[WhiteElo "2400"]
[BlackElo "2282"]
[PlyCount "141"]
[EventDate "2021.07.27"]
[EventType "swiss"]
[EventRounds "9"]
[EventCountry "POL"]
[SourceTitle "CBM 203 Extra"]
[Source "ChessBase"]
[SourceDate "2021.09.30"]
[SourceVersion "1"]
[SourceVersionDate "2021.09.30"]
[SourceQuality "1"]

1. e4 c5 2. Nf3 d6 3. d4 cxd4 4. Nxd4 Nf6 5. Nc3 a6 6. f4 e5 7. Nf3 Nbd7 8. a4 Be7 9. Bd3 0-0 10. 0-0 Qc7 11. Kh1 Re8 12. fxe5 dxe5 13. Bg5 h6 14. Bh4 b6 15. Nd2 Bb7 16. Qf3 Nc5 17. Nc4 Rad8 18. Ne3 Nxd3 19. cxd3 Rxd3 20. Bxf6 Bxf6 21. Qe2 Red8 22. Ned5 R3xd5 23. exd5 Bxd5 24. Nxd5 Rxd5 25. Qxa6 Bg5 26. Rfd1 Rc5 27. b4 Rc2 28. Qa8+ Kh7 29. a5 bxa5 30. bxa5 Qc4 31. a6 e4 32. Qd5 Qxd5 33. Rxd5 Bf6 34. Re1 Ra2 35. g3 Rxa6 36. Rxe4 Ra7 37. h4 g6 38. Re2 h5 39. Kg2 Kg7 40. Red2 Rb7 41. Kf3 Ra7 42. R2d3 Rb7 43. Rd7 Rb5 44. Ra7 Rc5 45. Rdd7 Rf5+ 46. Kg2 Bc3 47. Rd3 Bf6 48. Rb7 Ba1 49. Rf3 Rxf3 50. Kxf3 Be5 51. g4 hxg4+ 52. Kxg4 Bc3 53. h5 gxh5+ 54. Kxh5 Be5 55. Kg5 Bd4 56. Kf5 Bc3 57. Rb3 Bd4 58. Rg3+ Kf8 59. Ke4 Bb2 60. Kd5 Ke7 61. Rb3 Ba1 62. Rb7+ Kf6 63. Kd6 Be5+ 64. Kd7 Kg6 65. Ke7 f6 66. Ke6 Kg5 67. Kd5 Kf4 68. Rb4+ Kf5 69. Rb1 Kf4 70. Rf1+ Ke3 71. Rxf6 1/2-1/2

[Event "Suwalki Warakomska Memorial 5th"]
[Site "Suwalki"]
[Date "2021.07.27"]
[Round "1"]
[White "Golenia, Wojciech"]
[Black "Szadkowski, Kamil"]
[Result "0-1"]
[WhiteElo "2102"]
[BlackElo "2282"]
[PlyCount "70"]
[EventDate "2021.07.27"]
[EventType "swiss"]
[EventRounds "9"]
[EventCountry "POL"]
[SourceTitle "CBM 203 Extra"]
[Source "ChessBase"]
[SourceDate "2021.09.30"]
[SourceVersion "1"]
[SourceVersionDate "2021.09.30"]
[SourceQuality "1"]

1. d4 Nf6 2. Bf4 g6 3. Nc3 Bg7 4. e4 d6 5. Qd2 0-0 6. Bh6 c5 7. Bxg7 Kxg7 8. d5 Nbd7 9. a4 Qa5 10. f4 Qb4 11. Bd3 c4 12. Be2 Qxb2 13. Rb1 Qa3 14. Nf3 Nc5 15. Qd4 Nxa4 16. Nxa4 Qxa4 17. e5 dxe5 18. fxe5 Qa5+ 19. Nd2 Nxd5 20. Bxc4 Be6 21. Rb5 Qa4 22. 0-0 Nc7 23. Rc5 Na6 24. Ra1 Qxa1+ 25. Qxa1 Nxc5 26. Nb3 Nxb3 27. cxb3 Bxc4 28. e6+ f6 29. bxc4 a5 30. Qa4 Rfc8 31. Qd7 Kf8 32. h4 a4 33. h5 a3 34. Qd2 a2 35. hxg6 a1Q+ 0-1

[Event "Opole Termika Blitz op"]
[Site "Opole"]
[Date "2021.07.18"]
[Round "10"]
[White "Lach, Aleksandra"]
[Black "Szadkowski, Kamil"]
[Result "0-1"]
[WhiteElo "2183"]
[BlackElo "2282"]
[PlyCount "79"]
[EventDate "2021.07.18"]
[EventType "swiss (blitz)"]
[EventRounds "13"]
[EventCountry "POL"]
[SourceTitle "CBM 203 Extra"]
[Source "ChessBase"]
[SourceDate "2021.09.30"]
[SourceVersion "1"]
[SourceVersionDate "2021.09.30"]
[SourceQuality "1"]

1. e4 c5 2. Nf3 d6 3. d3 g6 4. Nbd2 Bg7 5. c3 Nc6 6. g3 e6 7. Bg2 Nge7 8. 0-0 0-0 9. h4 b5 10. Qc2 b4 11. c4 a5 12. a4 bxa3 13. Rxa3 Nb4 14. Qd1 d5 15. exd5 exd5 16. Nb3 Qb6 17. Ne1 Bb7 18. h5 dxc4 19. dxc4 Bxg2 20. Kxg2 Nf5 21. Qf3 a4 22. h6 Bxh6 23. Bxh6 Nxh6 24. Nd2 Nf5 25. Ne4 Nd4 26. Qf4 Qc6 27. f3 f5 28. Ng5 Rae8 29. Re3 Nbc2 30. Nxc2 Nxc2 31. Rxe8 Rxe8 32. Rf2 Ne3+ 33. Kh2 h6 34. Ne4 fxe4 35. Qxe3 exf3 36. Qxh6 Re2 37. Kg1 Qe4 38. Qh2 Re1+ 39. Rf1 Qe3+ 40. Qf2 0-1

[Event "Opole Termika Rapid op"]
[Site "Opole"]
[Date "2021.07.17"]
[Round "6"]
[White "Dobrowolski, Piotr"]
[Black "Szadkowski, Kamil"]
[Result "1-0"]
[WhiteElo "2413"]
[BlackElo "2282"]
[PlyCount "103"]
[EventDate "2021.07.17"]
[EventType "swiss (rapid)"]
[EventRounds "9"]
[EventCountry "POL"]
[SourceTitle "CBM 203 Extra"]
[Source "ChessBase"]
[SourceDate "2021.09.30"]
[SourceVersion "1"]
[SourceVersionDate "2021.09.30"]
[SourceQuality "1"]

1. e4 c5 2. Nf3 d6 3. d4 cxd4 4. Nxd4 Nf6 5. Nc3 a6 6. Bg5 e6 7. f4 h6 8. Bh4 Qb6 9. Bxf6 gxf6 10. Qd2 Qxb2 11. Nb3 Nc6 12. Na4 Qa3 13. Nb6 Rb8 14. Nc4 Qa4 15. Be2 b5 16. Nxd6+ Bxd6 17. Qxd6 Qb4+ 18. Qxb4 Nxb4 19. 0-0-0 Ke7 20. c3 Nc6 21. Nc5 Rd8 22. Rxd8 Nxd8 23. Rd1 Rb6 24. Rd3 Rc6 25. Nb3 e5 26. f5 Nb7 27. Rh3 Nd6 28. Nd2 Bb7 29. Kb2 Rc8 30. Rh4 Rd8 31. Nb3 Bxe4 32. Nc5 Bxf5 33. Nxa6 Ne4 34. Bxb5 Rd2+ 35. Kb3 Be6+ 36. c4 Nd6 37. a4 e4 38. Kc3 Rxg2 39. c5 Nf5 40. Rxe4 Rxh2 41. Nc7 Rh3+ 42. Kb4 Ne3 43. Ka5 f5 44. Rf4 h5 45. Kb6 h4 46. a5 Rh1 47. a6 Ra1 48. Rxh4 Nd5+ 49. Nxd5+ Bxd5 50. a7 Kf6 51. Ra4 Rb1 52. c6 1-0

[Event "Titled Tuesday intern op 13th Apr"]
[Site "Chess.com INT"]
[Date "2021.04.13"]
[Round "9"]
[White "Legenia, Artem"]
[Black "Szadkowski, Kamil"]
[Result "0-1"]
[WhiteElo "2144"]
[BlackElo "2282"]
[PlyCount "102"]
[EventDate "2021.04.13"]
[EventType "swiss (blitz)"]
[EventRounds "11"]
[EventCountry "USA"]
[SourceTitle "CBM 201 Extra"]
[Source "ChessBase"]
[SourceDate "2021.05.31"]
[SourceVersion "1"]
[SourceVersionDate "2021.05.31"]
[SourceQuality "1"]

1. Nc3 b6 2. f4 Bb7 3. e3 f5 4. Nf3 Nf6 5. d3 e6 6. Be2 Bb4 7. 0-0 Bxc3 8. bxc3 0-0 9. c4 Qe8 10. Qe1 Nc6 11. a3 Ne7 12. Bb2 Qh5 13. Ne5 Qh6 14. Bf3 Bxf3 15. Nxf3 d6 16. Nd4 Nd7 17. e4 fxe4 18. Qxe4 Nc5 19. Qe2 Rxf4 20. Rxf4 Qxf4 21. Nxe6 Nxe6 22. Qxe6+ Qf7 23. Qe2 Rf8 24. Rf1 Qxf1+ 25. Qxf1 Rxf1+ 26. Kxf1 Kf7 27. Ke2 g6 28. Kf3 Ke6 29. Ke4 c6 30. g4 d5+ 31. cxd5+ Nxd5 32. c4 Nf6+ 33. Bxf6 Kxf6 34. h4 Ke6 35. d4 b5 36. Kd3 Kd6 37. g5 a6 38. cxb5 cxb5 39. Kc3 Kd5 40. Kb4 Kxd4 41. Ka5 Kc4 42. Kxa6 b4 43. axb4 Kxb4 44. Kb6 Kc4 45. Kc6 Kd4 46. Kd6 Ke4 47. Ke6 Kf4 48. Kf6 Kg4 49. Kg7 Kxh4 50. Kh6 Kg4 51. Kxh7 Kxg5 0-1

[Event "Titled Tuesday intern op 13th Apr"]
[Site "Chess.com INT"]
[Date "2021.04.13"]
[Round "8"]
[White "Szadkowski, Kamil"]
[Black "Gurevich, Dmitry"]
[Result "0-1"]
[WhiteElo "2282"]
[BlackElo "2399"]
[PlyCount "62"]
[EventDate "2021.04.13"]
[EventType "swiss (blitz)"]
[EventRounds "11"]
[EventCountry "USA"]
[SourceTitle "CBM 201 Extra"]
[Source "ChessBase"]
[SourceDate "2021.05.31"]
[SourceVersion "1"]
[SourceVersionDate "2021.05.31"]
[SourceQuality "1"]

1. e4 c5 2. Nf3 d6 3. d4 cxd4 4. Nxd4 Nf6 5. Nc3 Nc6 6. Bg5 g6 7. Bxf6 exf6 8. Be2 Bg7 9. Ndb5 0-0 10. Qxd6 Qa5 11. 0-0 f5 12. Rab1 a6 13. b4 Qd8 14. Qxd8 Rxd8 15. Nc7 Rb8 16. b5 axb5 17. N7xb5 fxe4 18. Nxe4 Be6 19. c4 Bf5 20. Bf3 Ne5 21. Rb3 Nxc4 22. Ng3 Bc2 23. Rb4 Nd2 24. Rc1 Nxf3+ 25. gxf3 Bd3 26. h4 h5 27. a4 Bf6 28. Ne4 Bxh4 29. Nc5 Bg5 30. Nxd3 Bxc1 31. f4 Rxd3 0-1

[Event "Titled Tuesday intern op 06th Apr"]
[Site "Chess.com INT"]
[Date "2021.04.06"]
[Round "1"]
[White "Szadkowski, Kamil"]
[Black "Gusarov, Grigory"]
[Result "1/2-1/2"]
[WhiteElo "2282"]
[BlackElo "2354"]
[PlyCount "118"]
[EventDate "2021.04.06"]
[EventType "swiss (blitz)"]
[EventRounds "11"]
[EventCountry "USA"]
[SourceTitle "CBM 201 Extra"]
[Source "ChessBase"]
[SourceDate "2021.05.31"]
[SourceVersion "1"]
[SourceVersionDate "2021.05.31"]
[SourceQuality "1"]

1. e4 c6 2. d4 d5 3. exd5 cxd5 4. c4 Nf6 5. Nc3 e6 6. c5 a5 7. Nf3 Be7 8. Bb5+ Bd7 9. Qe2 0-0 10. 0-0 b6 11. Bxd7 Nfxd7 12. cxb6 Nxb6 13. Bf4 Nc6 14. Rfc1 Bf6 15. Be5 Bxe5 16. dxe5 Qd7 17. Nb5 Rfd8 18. b3 d4 19. Qe4 Rac8 20. Nd6 Rc7 21. Nxd4 Nxd4 22. Rxc7 Qxc7 23. Qxd4 Nc8 24. Rd1 Ne7 25. Qc4 Qxc4 26. bxc4 Ng6 27. c5 Nxe5 28. Kf1 f6 29. Ke2 Rb8 30. f4 Nc6 31. Rd2 Kf8 32. a4 Ke7 33. Nc4 Rb4 34. Nb6 Rxf4 35. Rd7+ Ke8 36. Rxg7 Rf5 37. Rc7 Rxc5 38. Nd7 Nd4+ 39. Kd3 Rxc7 40. Nxf6+ Kf7 41. Nxh7 Nb3 42. Ng5+ Ke7 43. h4 Nc5+ 44. Kc4 Nxa4+ 45. Kb5 Nc3+ 46. Kxa5 Kf6 47. Kb6 Rc4 48. Nf3 Nd5+ 49. Kb5 Rg4 50. Kc5 Rxg2 51. Kd6 Ne3 52. Ng5 Nf5+ 53. Kd7 Rd2+ 54. Ke8 Rd4 55. Kf8 Rxh4 56. Nf7 Ra4 57. Nd8 Ra8 58. Kg8 Rxd8+ 59. Kh7 Re8 1/2-1/2

[Event "Titled Tuesday intern op 23rd Mar"]
[Site "Chess.com INT"]
[Date "2021.03.23"]
[Round "5"]
[White "Kadam, Om Manish"]
[Black "Szadkowski, Kamil"]
[Result "1-0"]
[WhiteElo "2114"]
[BlackElo "2282"]
[PlyCount "149"]
[EventDate "2021.03.23"]
[EventType "swiss (blitz)"]
[EventRounds "11"]
[EventCountry "USA"]
[SourceTitle "CBM 201 Extra"]
[Source "ChessBase"]
[SourceDate "2021.05.31"]
[SourceVersion "1"]
[SourceVersionDate "2021.05.31"]
[SourceQuality "1"]

1. e4 c5 2. Nf3 e6 3. d4 cxd4 4. Nxd4 Nc6 5. Nc3 Nf6 6. Be2 Qc7 7. 0-0 a6 8. Be3 Be7 9. f3 0-0 10. Qd2 b5 11. a3 Bb7 12. Nb3 Rfd8 13. Nc5 d5 14. Nxb7 Qxb7 15. exd5 Nxd5 16. Nxd5 Rxd5 17. Bd3 Ne5 18. Be4 Rad8 19. Qe2 Nc4 20. Kh1 Nxb2 21. Rab1 Bxa3 22. c3 Na4 23. Qc2 Qc7 24. Bxd5 Rxd5 25. Rb3 Bc5 26. Bc1 Nb6 27. Rb1 Nc4 28. Ra1 a5 29. Qb3 Bf8 30. Rb1 a4 31. Qa2 h5 32. Ra1 g6 33. Rb1 Bg7 34. Qe2 Bxc3 35. Rd1 Rxd1+ 36. Qxd1 Qb6 37. Qd3 Qf2 38. Bg5 Bd2 39. h3 Bxg5 40. Rxb5 Be3 41. Rb1 Nd2 42. Ra1 Nxf3 43. Qd8+ Kh7 44. Qf6 Ng5 45. Qxf2 Bxf2 46. Rxa4 Bh4 47. Rxh4 Kh6 48. Kh2 e5 49. Ra4 Ne6 50. Kg3 f6 51. Kf3 Kg5 52. g3 Kf5 53. h4 Nd4+ 54. Ke3 Kg4 55. Kf2 f5 56. Kg2 g5 57. Kf2 gxh4 58. gxh4 Kxh4 59. Ra5 Kg4 60. Rxe5 h4 61. Rd5 Nf3 62. Rd8 Ng5 63. Rg8 h3 64. Rh8 Ne4+ 65. Kg1 Kg3 66. Rg8+ Kf3 67. Kh2 Nf2 68. Rg3+ Kf4 69. Ra3 Kg4 70. Ra2 f4 71. Rxf2 f3 72. Rf1 Kf4 73. Kxh3 Ke3 74. Kg3 Ke2 75. Rxf3 1-0